Responses for show #8445 - Friday, July 16, 2021

Last game with George Stephanopoulos as guest host.
Champion's winnings & consolation amounts matched to Share Our Strength's No Kid Hungry campaign.

Contestants

[<< previous game]

Josh Saak, a traffic engineer from Boise, Idaho

Lois Doll, a retired library clerk from Rosemount, Minnesota

Tyler Vandenberg, a Marine officer from Washington, D.C. (whose 2-day cash winnings total $41,400)

[next game >>]

Jeopardy! Round responses

WORLD WAR II IN EUROPE
LITERARY SUBTITLES
THE WEEKLY CONFERENCE CALL
"O"PPOSITES
GRAMMY WINNERS
TODAY I LEARNED
    $200 1
Poland

Josh
    $200 8
The Hobbit

Lois
    $200 7
a jingle

Lois
    $200 18
occupied

Josh
    $200 25
Beyoncé

Josh
    $200 30
a parrot

Lois
    $400 3
the Third Reich

Tyler
    $400 9
Moby-Dick

Lois
    $400 16
BIC

Lois
    $400 2
(Lois: What is spoken?)

oral

TylerLois
    $400 14
Winehouse

Josh
    $400 15
John Belushi

Tyler
    $600 4
St. Paul's Cathedral

Tyler
    $600 10
(Lois: What is Walden Pond?)

Walden

LoisJosh
    $600 24
return on investment

Josh
    $600 11
order

Tyler
    $600 19
(Josh: What is "19"?)
(Lois: What is "Hello"?)

"Rolling In The Deep"

TylerLoisJosh
    $600 21
Pompeii

Tyler
    $800 5
the Siegfried Line

Lois
    $800 17
Frankenstein

Josh
    $800 26
poison pill

Lois
    $3,000 12
omnipotent

Tyler
    $800 20
Ricky Martin

Josh
    $800 22
Hawaii

Josh
    $1000 6
the B-17

Tyler
    $1000 23
Evangeline

Lois
    $1000 27
Pittsburgh

Josh
    $1000 13
opaque

Josh
    $1000 29
Elvis Costello

Josh
    $1000 28
Leahy

Josh

Scores at the first commercial break (after clue 15):

Tyler Lois Josh
$6,400 $600 $2,200

Scores at the end of the Jeopardy! Round:

Tyler Lois Josh
$7,600 $2,400 $8,000

Double Jeopardy! Round responses

SCIENCE & NATURE
S.E.C.! S.E.C.!
POP CULTURE BEFORE & AFTER
6-LETTER THE BETTER
HIGH
ON LIFE
    $400 1
white blood cells

Lois
    $400 3
Grisham

Josh
    $400 10
(George: That one made me laugh too.)

Zachary Taylor Swift

Tyler
    $400 17
appeal

Lois
    $400 5
Morocco

Tyler
    $400 12
existentialism

Tyler
    $800 2
a sea cow

Josh
    $800 11
Gatorade

Josh
    $800 4
Elton John Legend

Triple Stumper
    $800 18
divest

Josh
    $800 6
Lake Nasser

Tyler
    $800 13
(Josh: Who is Aristotle?)

Socrates

LoisJosh
    $1200 21
(Josh: What is the cerebral cortex?)

the medulla

Josh
Triple Stumper
    $5,300 22
Vanderbilt

Josh
    $1200 19
(Lois: What is Beauty and the Beast?)

American Beauty and the Beast

Lois
Triple Stumper
    $1200 20
a bangle

Triple Stumper
    $1200 7
the High Plains

Triple Stumper
    $1200 14
(Tyler: Who is Tennessee Williams?)

(Damon) Runyon

TylerLois
    $1,900 23
diurnal

Josh
    $1600 25
(Tyler: What is the University of Mississippi?)

the University of Alabama

TylerLois
    $1600 29
Millennium Falcon Crest

Josh
    $1600 27
jetsam

Lois
    $1600 8
the Appalachian Trail

Lois
    $1600 15
Thomas Hobbes

Tyler
    $2000 24
Krebs

Josh
    $2000 26
Sherman

Josh
    $2000 30
(Josh: What is How Green Is My Valley Girl?)

How Green Was My Valley Girl

Josh
Triple Stumper
    $2000 28
zephyr

Josh
    $2000 9
Lake Baikal

Tyler
    $2000 16
John Stuart Mill

Tyler

Scores at the end of the Double Jeopardy! Round:

Tyler Lois Josh
$12,400 $8,800 $21,600

[wagering suggestions for these scores]

Final Jeopardy! Round responses

HISTORY
(George: [To Lois] It's called the Mazarin Bible after a powerful minister in 17th century France.)
LoisWhat was the Gut Gutenberg Bible
$8,800
TylerWhat is Don Quixote
$12,400
JoshWhat is Magna Carta?
$3,205
the Gutenberg Bible

Final scores:

Tyler Lois Josh
$0 $17,600 $18,395
3rd place: $1,000 2nd place: $2,000 New champion: $18,395

Game dynamics:

Coryat scores:

Tyler Lois Josh
$10,200 $8,800 $17,200
16 R
(including 1 DD),
2 W
15 R,
4 W
23 R
(including 2 DDs),
4 W

Combined Coryat: $36,200

The J! Archive is created by fans, for fans. The Jeopardy! game show and all elements thereof, including but not limited to copyright and trademark thereto, are the property of Jeopardy Productions, Inc. and are protected under law. This website is not affiliated with, sponsored by, or operated by Jeopardy Productions, Inc. Join the discussion at JBoard.tv.